| 000 | 01011nam a2200289 i 4500 | ||
|---|---|---|---|
| 001 | bg | ||
| 003 | KOSZ 005 | ||
| 005 | 20190916143451.0 | ||
| 008 | 070719s1970 pl a f |000 0 pol | ||
| 015 | _aPB 1970/5246 | ||
| 035 | _a(OCoLC)839072582 | ||
| 040 |
_aWA N _cKOSZ 005/HR _dKOSZ 005/HR |
||
| 080 | _a620.1 | ||
| 080 | _a539.3/.6 | ||
| 080 | _a(076) | ||
| 100 | 1 |
_aGubrynowiczowa, Janina. _eAutor |
|
| 245 | 1 | 0 |
_aZbiór zadań z wytrzymałości materiałów. _nCz. 1 / _cJanina Gubrynowiczowa. |
| 260 |
_aWarszawa : _bPaństwowe Wydawnictwo Naukowe, _c1970. |
||
| 300 |
_a306 s. : _bil. ; _c23 cm. |
||
| 380 | _aKsiążki. | ||
| 500 | _aZbiór zadań do podręcznika J. Gubrynowiczowej "Wytrzymałość materiałów", wyd. 3 i dalsze. | ||
| 658 | _aInżynieria i technika | ||
| 655 | 4 | _aĆwiczenia i zadania | |
| 650 | 4 | _aWytrzymałość materiałów | |
| 856 |
_uhttp://koha.tu.koszalin.pl/cgi-bin/koha/opac-detail.pl?biblionumber=3774 _yKatalog online BPK |
||
| 942 |
_2UKD _cKS |
||
| 999 |
_c3774 _d3774 |
||